Top K-pop 2021 - Statistics

General Stats
  • This quiz has been taken 10 times
  • The average score is 6 of 25
Answer Stats
Artist Song % Correct
Lisa Money
86%
STAYC ASAP
71%
Stray Kids Thunderous
71%
BTS BUTTER
57%
(G)I-DLE HWAA
57%
aespa Next Level
57%
ROSÉ On The Ground
57%
Tomorrow X Together (ft Seori) 0X1=LOVESONG (I KNOW I LOVE YOU)
29%
IU Lilac
29%
TWICE Scientist
29%
Fromis_9 We Go
29%
ATEEZ Deja Vu
14%
Jeon Somi Dumb Dumb
14%
NCT Dream Hot Sauce
14%
Wendy Like Water
14%
ONEUS LUNA
14%
CIX Cinema
0%
Heize HAPPEN
0%
EPEX Lock Down
0%
Chancellor (ft Gaeko) Midnight
0%
Akmu & IU Nakka
0%
SEVENTEEN Ready To Love
0%
Younha Stardust
0%
WOODZ Waiting
0%
Tayeon Weekend
0%
No matching quizzes found
Score Distribution
Percent of People with Each Score
Percentile by Number Answered
Your Score History
You have not taken this quiz